Illmatic - Nas - Statistics

General Stats
  • This quiz has been taken 26 times
  • The average score is 8 of 10
Answer Stats
Songs Plays Artists % Correct
N.Y. State of Mind 365,539,216 Nas
100%
The World Is Yours 214,123,327 Nas
91%
Life's a Bitch 103,268,071 Nas, AZ, Olu Dara
86%
Halftime 77,576,388 Nas
77%
It Ain't Hard to Tell 130,378,965 Nas
77%
One Love 44,861,554 Nas, Q-Tip
77%
Represent 107,002,801 Nas
77%
The Genesis 25,396,364 Nas
77%
One Time 4 Your Mind 29,820,830 Nas
55%
Memory Lane (Sittin' In Da Park) 60,451,775 Nas
50%
No matching quizzes found
Score Distribution
Percent of People with Each Score
Percentile by Number Answered
Your Score History
You have not taken this quiz